Normal view
MARC view
Entry Personal Name
001 - CONTROL NUMBER
- control field: 9391
003 - CONTROL NUMBER IDENTIFIER
- control field: OSt
005 - DATE AND TIME OF LATEST TRANSACTION
- control field: 20160614184730.0
008 - FIXED-LENGTH DATA ELEMENTS
- fixed length control field: 160614|| aca||aabn | a|a d
040 ## - CATALOGING SOURCE
- Original cataloging agency: OSt
- Transcribing agency: OSt
100 ## - HEADING--PERSONAL NAME
- Personal name: Edgar, J. David M.
670 ## - SOURCE DATA FOUND
- Source citation: Work cat.: (OSt): Edgar, J. David M., Immunology: a core text with self-assessment
